000 00627nam a2200193 a 4500
001 000014933
005 20240305130443.0
008 100127s2006 dr 000 0 spa d
020 _z25220063201333
040 _aDO-SdBNP
_bspa
_cBNPHU
082 _axxx
_bI73s
100 1 _aIsa Conde, Narciso,
_d1942-
_912387
245 1 0 _aEn el siglo XXI ¿Cuál democracia? ¿Cuál socialismo? /
_cNarciso Isa Conde ; prólogo Iván Márquez.
260 _aSanto Domingo :
_bMediabyte,
_c2006.
300 _a223 p. ;
_c23 cm.
504 _aIncluye bibliografías [p. 221-223]
700 1 _aMárquez, Iván
_epról.
_933804
049 _aBNPD
999 _c14513
_d14513